01058nam a2200289 u 450000100070000000500170000700800410002403500110006504000130007604100080008908200080009710000500010524500950015526000430025030000130029365000470030665000340035365000420038765000410042965000340047070000520050494200100055699900190056650200120058552600080059795201630060572879820260506092844.0020402e20010202 ||||||m| spa  a728798 ccomduadb aspa 4a65810aValencia Vanegas, Aura Ines4auteaut935296913aLa incidencia de la comunicacion formal en el sentimiento de pertenencia : estudio de caso aMedellín :b[sin publicador],c2001. a90 hojas 7aComunicación organizacional2lemb933998 7aDesarrollo humano2dcs940528 7aCultura organizacional2armarc931498 aSensibilizacion institucional985378 aSentido de pertenencia96252110aMontoya Ferrer, Martha Inés4thseths9356108 cTESIS c236428d236428 b336c13 a315 001040708TESISBCaBCbBCd2002-04-02eMaterial adquirido por donacióniC727976l0o658.45 V152p61000003646615r2023-04-24 00:00:00t1w2023-04-24yTESIS